000 00674nam a22002177a 4500
003 UA-OsUOA
001 135805
007 ta
008 20190218b un ||||| |||| 00| 0 ukr d
100 _aЧамата Н.
090 _a82
_bЧ-17
942 _cSA
040 _aUA-OsUOA
_bukr
_cUA-OsUOA
_dUA-OsUOA
245 _aЗ недавньої історії українського віршознавства: українсько-польські контакти на межі ХХ і ХХІ ст.
300 _aС.40-54
955 _a0
041 _aukr
080 _a82
773 0 _w135802
650 7 _a82 Література. Літературознавство
_2UDC
999 _c409006
_d409006